Normal view
MARC view
- الاصلاحات السياسية -- البلاد العربية -- احوال اجتماعية -- مقالات ومحاضرات -- البلاد العربية -- التغير الاجتماعي
Entry Topical Term
001 - CONTROL NUMBER
- control field: 48401
003 - CONTROL NUMBER IDENTIFIER
- control field: JO-AjAnu
005 - DATE AND TIME OF LATEST TRANSACTION
- control field: 20230606082001.0
008 - FIXED-LENGTH DATA ELEMENTS
- fixed length control field: 230606|| aca||aabn | a|a d
040 ## - CATALOGING SOURCE
- Original cataloging agency: JO-AjAnu
- Transcribing agency: JO-AjAnu
150 ## - HEADING--TOPICAL TERM
- Topical term or geographic name entry element: الاصلاحات السياسية -- البلاد العربية -- احوال اجتماعية -- مقالات ومحاضرات -- البلاد العربية -- التغير الاجتماعي
670 ## - SOURCE DATA FOUND
- Source citation: Work cat.: (JO-AjAnu)24761: نافعة ، حسن ... وآخرون ؛ مراجعة وتقديم دراج، فيصل , author 48400, العالم العربي ومعضلاته والإصلاح المنشود